[Event "Talca Bobby Fischer"]
[Site "Talca"]
[Date "2019.06.10"]
[Round "9.3"]
[White "Martinez Rojas, Marcelo"]
[Black "Andaur Vega, Claudio Alejandro"]
[Result "1-0"]
[WhiteElo "1754"]
[BlackElo "2033"]
[PlyCount "107"]
[EventDate "2019.04.15"]
[EventType "tourn"]
[EventRounds "9"]
[EventCountry "CHI"]
[SourceTitle "EXT 2024"]
[Source "ChessBase"]
[SourceDate "2023.10.10"]
[SourceVersion "1"]
[SourceVersionDate "2023.10.10"]
[SourceQuality "1"]

1. e4 c5 2. Nc3 a6 3. g3 b5 4. Bg2 Bb7 5. d3 g6 6. f4 Bg7 7. Nf3 d6 8. 0-0 b4 9. Ne2 Nd7 10. c3 a5 11. Ng5 h6 12. Nh3 Ngf6 13. Nf2 Qc7 14. Be3 e6 15. Qd2 d5 16. e5 Ng8 17. d4 Ba6 18. dxc5 bxc3 19. Nxc3 Bxf1 20. Bxf1 Ne7 21. Nb5 Qd8 22. Nd6+ Kf8 23. Rc1 Nb8 24. Bb5 Nbc6 25. Nd3 Qc7 26. b3 h5 27. Nb2 Bh6 28. Na4 Kg7 29. Nb6 Rab8 30. Qe1 d4 31. Bd2 Nf5 32. Bxa5 Ne3 33. Nbc4 Nxa5 34. Nxa5 Ra8 35. b4 Rhb8 36. a4 Nd5 37. Qd2 Nxb4 38. Qxb4 Rxa5 39. Qxd4 Kg8 40. Be8 Bf8 41. Bxf7+ Kg7 42. Bxe6 Qc6 43. Bd7 Qf3 44. e6+ Kh7 45. Bb5 Bg7 46. Qe4 Qa3 47. Rc2 Qa1+ 48. Kg2 Bd4 49. Bd3 Qg1+ 50. Kh3 Rg8 51. e7 h4 52. e8Q Ra7 53. Rg2 Qd1 54. Qxd4 1-0

[Event "Talca Bobby Fischer"]
[Site "Talca"]
[Date "2019.05.06"]
[Round "4.1"]
[White "Zuniga Lara, Catalina Paz"]
[Black "Martinez Rojas, Marcelo"]
[Result "1-0"]
[WhiteElo "1624"]
[BlackElo "1754"]
[PlyCount "119"]
[EventDate "2019.04.15"]
[EventType "tourn"]
[EventRounds "9"]
[EventCountry "CHI"]
[SourceTitle "EXT 2024"]
[Source "ChessBase"]
[SourceDate "2023.10.10"]
[SourceVersion "1"]
[SourceVersionDate "2023.10.10"]
[SourceQuality "1"]

1. Nf3 d5 2. d4 Bg4 3. Ne5 Bh5 4. g4 Bg6 5. Bf4 e6 6. h4 f6 7. Nxg6 hxg6 8. Bg2 Bd6 9. Qd2 Bxf4 10. Qxf4 Qd6 11. Qxd6 cxd6 12. c4 Nc6 13. cxd5 Nxd4 14. Kd2 e5 15. Nc3 a6 16. Ne4 Kd7 17. e3 Nb5 18. Rac1 Ne7 19. Ng3 Rac8 20. h5 Rxc1 21. Rxc1 Nc7 22. e4 Nb5 23. Bh3 g5 24. Ne2 g6 25. Rh1 Nc7 26. Bg2 gxh5 27. gxh5 Ng8 28. Bh3+ Kd8 29. Ng3 Nh6 30. Bf5 Nb5 31. Be6 Nd4 32. Rc1 Nxe6 33. dxe6 Ke7 34. Rc7+ Kxe6 35. Rxb7 Ra8 36. Rh7 Nf7 37. Nf5 Rh8 38. Rxh8 Nxh8 39. b4 d5 40. Ng3 Nf7 41. a4 g4 42. Kd3 Kd6 43. Nf5+ Ke6 44. Ng7+ Ke7 45. exd5 Nd6 46. Ne6 Kf7 47. Nc5 f5 48. Nxa6 Ne4 49. Ke3 Nc3 50. d6 f4+ 51. Kd2 Ne4+ 52. Ke2 Nxd6 53. Nc5 Nf5 54. a5 Nd4+ 55. Kf1 Kf6 56. a6 Nb5 57. Ne4+ Kg7 58. Nc3 Na7 59. b5 Nc8 60. Nd5 1-0